Stav bytového fondu a možnosti financovania jeho obnovy

Dokončenie z č. 9-10/2004. Vzájomné spájanie jednotlivých zdrojov financovania obnovy bytového fondu, ako aj využitia rôznych foriem štátnej podpory je dokumentované na príklade. Ide o príklad bežne využívaný v praxi. Záver.

Na minha lista:
Detalhes bibliográficos
Autor principal: Giller, Pavol
Formato: Capítulo de Livro
Idioma:eslovaco
Assuntos:
Tags: Adicionar Tag
Sem tags, seja o primeiro a adicionar uma tag!

MARC

LEADER 00000naa$a2200000$$$4500
001 0024537
005 20230927110945.5
041 0 |a slo 
044 |a SK 
245 1 0 |a Stav bytového fondu a možnosti financovania jeho obnovy  |c Pavol Giller 
520 |a Dokončenie z č. 9-10/2004. Vzájomné spájanie jednotlivých zdrojov financovania obnovy bytového fondu, ako aj využitia rôznych foriem štátnej podpory je dokumentované na príklade. Ide o príklad bežne využívaný v praxi. Záver. 
610 2 0 |a dotácie štátne 
610 2 0 |a financovanie 
610 2 0 |a fond bytový 
610 2 0 |a modernizácia 
610 2 0 |a opravy 
610 2 0 |a pomoc štátna 
610 2 0 |a úver bankový 
610 2 0 |a záruka 
100 1 |a Giller, Pavol